LEADER 01052nam a2200277 i 4500 001 991001795309707536 005 20020503153658.0 008 010315s1976 it ||| | ita 035 $ab10273918-39ule_inst 035 $aEXGIL91617$9ExL 040 $aBiblioteca Interfacoltà$bita 082 0 $a945.092 100 1 $aAmendola, Giorgio$0120239 245 14$aGli anni della Repubblica /$cGiorgio Amendola 260 $aRoma :$bEditori riuniti,$c1976 300 $aXXXV, 356 p. ;$c22 cm. 490 0 $aBiblioteca di storia ;$v62 500 $aScritti già pubblicati 651 4$aItalia$xPolitica$y1944-1976 907 $a.b10273918$b17-02-17$c27-06-02 912 $a991001795309707536 945 $aLE002 Fondo Bodini It. 489$g1$i2002000722157$lle002$o-$pE0.00$q-$rn$so $t0$u0$v0$w0$x0$y.i10325864$z27-06-02 945 $aLE002 St. XII E 16$g2$i2002000981813$lle002$o-$pE0.00$q-$rl$s- $t0$u1$v0$w1$x0$y.i15117546$z26-04-10 996 $aAnni della Repubblica$989077 997 $aUNISALENTO 998 $ale002$b01-01-01$cm$da $e-$fita$git $h4$i1 LEADER 05299nam 22006975 450 001 9910437567803321 005 20251028173521.0 010 $a3-319-04519-9 024 7 $a10.1007/978-3-319-04519-1 035 $a(CKB)3710000000078819 035 $a(DE-He213)978-3-319-04519-1 035 $a(SSID)ssj0001088496 035 $a(PQKBManifestationID)11663671 035 $a(PQKBTitleCode)TC0001088496 035 $a(PQKBWorkID)11096284 035 $a(PQKB)10400837 035 $a(MiAaPQ)EBC3092067 035 $a(PPN)176109382 035 $a(EXLCZ)993710000000078819 100 $a20131220d2013 u| 0 101 0 $aeng 135 $aurnn#008mamaa 181 $ctxt$2rdacontent 182 $cc$2rdamedia 183 $acr$2rdacarrier 200 10$aCloud Computing and Services Science $eSecond International Conference, CLOSER 2012, Porto, Portugal, April 18-21, 2012. Revised Selected Papers /$fedited by Ivan Ivanov, Marten Sinderen, Frank Leymann, Tony Shan 205 $a1st ed. 2013. 210 1$aCham :$cSpringer International Publishing :$cImprint: Springer,$d2013. 215 $a1 online resource (XII, 265 p. 102 illus.) 225 1 $aCommunications in Computer and Information Science,$x1865-0937 ;$v367 300 $aBibliographic Level Mode of Issuance: Monograph 311 08$a3-319-04518-0 320 $aIncludes bibliographical references and index. 327 $aAdding Virtualization Capabilities to the Grid'5000 Testbed / Daniel Balouek, Alexandra Carpen Amarie, Ghislain Charrier, Fre?de?ric Desprez, Emmanuel Jeannot, Emmanuel Jeanvoine, Adrien Le?bre, David Margery, Nicolas Niclausse, Lucas Nussbaum, Olivier Richard, Christian Perez, Flavien Quesnel, Cyril Rohr, and Luc Sarzyniec -- Improving Cost-Efficiency through Failure-Aware Server Management and Scheduling in Cloud / Laiping Zhao and Kouichi Sakurai -- Designing an IPv6-Oriented Datacenter with IPv4-IPv6 Translation Technology for Future Datacenter Operation / Keiichi Shima, Wataru Ishida, and Yuji Sekiya -- Realization of a Functional Domain within a Cloud / Jonathan Eccles and George Loizou -- Mining Facebook Activity to Discover Social Ties : Towards a Social-Sensitive Ecosystem / Sandra Servia-Rodr??guez, Rebeca P. D??az-Redondo, Ana Ferna?ndez-Vilas, and Jose? J. Pazos-Arias -- Secure Biometric-Based Authentication for Cloud Computing / Kok-Seng Wong and Myung Ho Kim -- An Efficient and Performance-Aware Big Data Storage System / Yang Li, Li Guo, and Yike Guo -- Towards Cost Aspects in Cloud Architectures / Uwe Hohenstein, Reto Krummenacher, Ludwig Mittermeier, and Sebastian Dippl -- On-Demand Business Rule Management Framework for SaaS Application / Xiuwei Zhang, Keqing He, Jian Wang, Chong Wang, and Zheng Li -- Making XML Signatures Immune to XML Signature Wrapping Attacks / Christian Mainka, Meiko Jensen, Luigi Lo Iacono, and Jo?rg Schwenk -- Automated Non-repudiable Cloud Resource Allocation / Kassidy Clark, Martijn Warnier, and Frances M.T. Brazier -- The IVI Cloud Computing Life Cycle / Gerard Conway and Edward Curry -- Performance Assessment of Web Services in the STEP Framework / Miguel L. Pardal, Joana P. Pardal, and Jose? Alves Marques -- CAP-Oriented Design for Cloud-Native Applications / Vasilios Andrikopoulos, Steve Strauch, Christoph Fehling, and Frank Leymann -- SLA-Oriented Security Provisioning for Cloud Computing / Massimo Ficco and Massimiliano Rak -- Cloud Storage and Bioinformatics in a Private Cloud Deployment : Lessons for Data Intensive Research / Victor Chang, Robert John Walters, and Gary Wills. 330 $aThis book constitutes the thoroughly refereed proceedings of the Second International Conference on Cloud Computing and Services Science, CLOSER 2012, held in Porto, Portugal, in April 2012. The 15 papers were selected from 145 submissions and are presented together with one invited paper. The papers cover the following topics: cloud computing fundamentals, services science foundation for cloud computing, cloud computing platforms and applications, and cloud computing enabling technology. 410 0$aCommunications in Computer and Information Science,$x1865-0937 ;$v367 606 $aSoftware engineering 606 $aElectronic data processing$xManagement 606 $aComputer networks 606 $aDatabase management 606 $aSoftware Engineering 606 $aIT Operations 606 $aComputer Communication Networks 606 $aDatabase Management 615 0$aSoftware engineering. 615 0$aElectronic data processing$xManagement. 615 0$aComputer networks. 615 0$aDatabase management. 615 14$aSoftware Engineering. 615 24$aIT Operations. 615 24$aComputer Communication Networks. 615 24$aDatabase Management. 676 $a005.1 702 $aIvanov$b Ivan$g(Ivan I.),$4edt$4http://id.loc.gov/vocabulary/relators/edt 702 $aSinderen$b Marten$4edt$4http://id.loc.gov/vocabulary/relators/edt 702 $aLeymann$b Frank$4edt$4http://id.loc.gov/vocabulary/relators/edt 702 $aShan$b Tony$4edt$4http://id.loc.gov/vocabulary/relators/edt 906 $aBOOK 912 $a9910437567803321 996 $aCloud computing and services science$91891832 997 $aUNINA LEADER 03903nam 22008411 450 001 9910968989603321 005 20080419161603.0 010 $a9786611357139 010 $a9781472564139 010 $a1472564138 010 $a9781281357236 010 $a1281357235 010 $a9781847313935 010 $a1847313930 024 7 $a10.5040/9781472564139 035 $a(CKB)1000000000415366 035 $a(EBL)342893 035 $a(OCoLC)476157042 035 $a(SSID)ssj0000105631 035 $a(PQKBManifestationID)12026181 035 $a(PQKBTitleCode)TC0000105631 035 $a(PQKBWorkID)10101371 035 $a(PQKB)10023255 035 $a(MiAaPQ)EBC1772600 035 $a(Au-PeEL)EBL1772600 035 $a(CaPaEBR)ebr10276360 035 $a(CaONFJC)MIL135723 035 $a(OCoLC)646797155 035 $a(UtOrBLW)bpp09256429 035 $a(MiAaPQ)EBC342893 035 $a(Au-PeEL)EBL342893 035 $a(UtOrBLW)BP9781472564139BC 035 $a(Perlego)810094 035 $a(EXLCZ)991000000000415366 100 $a20140929d2007 uy 0 101 0 $aeng 135 $aur|n|---||||| 181 $ctxt 182 $cc 183 $acr 200 14$aThe arms trade and international law /$fZeray Yihdego 205 $a1st ed. 210 1$aOxford ;$aPortland, Oregon :$cHart Publishing,$d2007. 215 $a1 online resource (380 p.) 225 1 $aStudies in international law 300 $aDescription based upon print version of record. 311 08$a9781841137469 311 08$a1841137464 320 $aIncludes bibliographical references and index. 327 $aPt. I. Introduction: Features, Definition and Manufacturing of SALW -- 1. Introduction -- 2. Features and Definition of SALW: Associated Problems -- 3. Manufacturing of SALW: Associated Problems -- Pt. II. International Transfers of SALW: Substantive Limitations and Problems -- 4. International Transfers of SALW: Introduction -- 5. Adherence to the Peace and Security Legal Norm -- 6. Adherence to the Non-intervention Norm -- 7. Humanitarian Law (IHL) Limitations on SALW Transfers -- 8. International Human Rights Law (IHRL) Limitations on SALW Transfers -- Pt. III. Conclusions -- 9. State Responsibility and Arms Transfers: Some Reflections -- 10. Findings and Recommendations. 330 $a"There are believed to be about 700 million small arms and light weapons (SALW) in the world, often contribing to highly destabilising security and other concerns in international law. This book deals with the proliferation of SALW and their unregulated trade and transfer across borders. It addresses questions of definition, manufacturing, trade/transfer, and issues relating to state responsibility. The primary focus is on conventional small arms, in particular military-style weapons. The book tackles the core and most divisive legal problem of whether or not the laws relating to arms control and relevant norms of international law provide substantive restrictions upon the transfer of small arms by states."--Bloomsbury Publishing. 410 0$aStudies in international law (Stockholm, Sweden) 606 $aArms control 606 $aArms transfers$xLaw and legislation 606 $aFirearms$xLaw and legislation 606 $aHumanitarian law 606 $aIntervention (International law) 606 $2International humanitarian law 615 0$aArms control. 615 0$aArms transfers$xLaw and legislation. 615 0$aFirearms$xLaw and legislation. 615 0$aHumanitarian law. 615 0$aIntervention (International law) 676 $a341.733 686 $a86.80$2bcl 686 $a89.77$2bcl 700 $aYihdego$b Zeray$0943867 801 0$bUtOrBLW 801 1$bUtOrBLW 906 $aBOOK 912 $a9910968989603321 996 $aThe arms trade and international law$94445423 997 $aUNINA